Spell the Marvel Character #76 - Statistics

General Stats
  • This quiz has been taken 27 times
  • The average score is 7 of 9
Answer Stats
Picture Answer % Correct
Namor the Sub-Mariner
100%
Iron Fist
94%
America Chavez
88%
Tigra
88%
Rage
82%
Aurora
71%
Namorita
65%
Mass Master
59%
Oya
53%
No matching quizzes found
Score Distribution
Percent of People with Each Score
Percentile by Number Answered
Your Score History
You have not taken this quiz